Prueba de Geografía e Historia #2 - Estadísticas

Estadísticas generales
  • Esta prueba ha sido intentada 442 veces
  • La puntuación promedio es 12 de 20
Estadísticas de respuestas
Hint Respuesta % Correcto
Julio César se caso con esta famosa Reina egipcia Cleopatra
87%
País asiático donde se hablaba español Filipinas
83%
Ciudad española dominada por musulmanes por más de 700 años Granada
81%
País africano donde se habla español Guinea Ecuatorial
80%
Los vikingos descubrieron este país en el 874 d.C Islandia
78%
Ciudad arrasa por la erupción del Vesubio Pompeya
78%
Separa Argentina de Chile Andes
74%
País situado en el Himalaya que no es Nepal Bután
73%
Doha está situada en Qatar
72%
Capital de Gales Cardiff
64%
Este país solo tiene frontera con Senegal Gambia
62%
Capital de Corea del norte Pyongyang
50%
La región de Macedonia formr parte de Grecia
48%
Nombre común de los 3 paises situados al norte de Brasil Guayana
46%
Nuakchot es su capital Mauritania
44%
Este mar separa Azerbayán de Turkmenistán Mar Caspio
44%
Estrecho que divide Estados Unidos de Rusia Estrecho de Bering
41%
Enclave ruso entre Polonia y Lituania Kaliningrado
40%
Cordillera situada entre la rusia europea y la asiática Montes Urales
40%
Imperio desaparecido con nombre similar al país anterior Prusia
22%
No se encontraron pruebas coincidentes
Distribución de puntuación
Porcentaje de gente con cada puntuación
Porcentaje por número respondido
Historial de tus puntuaciones
No has intentado esta prueba.